000 00537 a2200181 4500
999 _c41653
_d41653
003 OSt
005 20221031155009.0
008 221031b ||||| |||| 00| 0 eng d
020 _a9788120724822
040 _coclc
082 _a338.4791023
_bSET/I
100 _95652
_aSeth, Pran Nath
245 _aAn introduction to travel and tourism /
_cSeth, Pran Nath
250 _a3rd rev. ed.
260 _aNoida:
_bSterling,
_c2018.
300 _a269 pages
942 _2ddc
_cBK
_h338.4791023
_iSET/I
_k338.4791023
_mSET/I